[Event "Pardubice op rapid 30th"]
[Site "Pardubice"]
[Date "2019.07.19"]
[Round "9"]
[White "Castrillon Gomez, Melissa"]
[Black "Hagemann, Sven"]
[Result "1-0"]
[WhiteElo "2245"]
[BlackElo "2014"]
[PlyCount "73"]
[EventDate "2019.07.17"]
[EventType "swiss (rapid)"]
[EventRounds "9"]
[EventCountry "CZE"]
[SourceTitle "CBM 191 Extra"]
[Source "ChessBase"]
[SourceDate "2019.09.30"]
[SourceVersion "1"]
[SourceVersionDate "2019.09.30"]
[SourceQuality "1"]

1. d4 Nf6 2. Nf3 e6 3. c4 Bb4+ 4. Nbd2 c5 5. e3 0-0 6. Bd3 d5 7. 0-0 cxd4 8. exd4 dxc4 9. Nxc4 Nc6 10. Bg5 Be7 11. Rc1 Kh8 12. Bb1 Nd5 13. Bxe7 Qxe7 14. Nce5 Bd7 15. Nxd7 Qxd7 16. Ne5 Nxe5 17. dxe5 Rac8 18. Qd3 g6 19. Qa3 b6 20. Be4 Kg7 21. Rcd1 Rfd8 22. Bxd5 exd5 23. f4 Qf5 24. Qxa7 Rc6 25. Qe7 Rd7 26. Qh4 Rc2 27. Rf2 Rc4 28. g4 Rxf4 29. gxf5 Rxh4 30. f6+ Kg8 31. Rc2 h6 32. Rc8+ Kh7 33. Re8 Re4 34. Kf2 g5 35. Re7 Rxe7 36. fxe7 Rxe5 37. Re1 1-0

[Event "Pardubice op rapid 30th"]
[Site "Pardubice"]
[Date "2019.07.19"]
[Round "7"]
[White "Yandarbiev, Ruslan"]
[Black "Hagemann, Sven"]
[Result "1-0"]
[WhiteElo "2270"]
[BlackElo "2014"]
[PlyCount "95"]
[EventDate "2019.07.17"]
[EventType "swiss (rapid)"]
[EventRounds "9"]
[EventCountry "CZE"]
[SourceTitle "CBM 191 Extra"]
[Source "ChessBase"]
[SourceDate "2019.09.30"]
[SourceVersion "1"]
[SourceVersionDate "2019.09.30"]
[SourceQuality "1"]

1. e4 e5 2. Nf3 Nf6 3. Nxe5 d6 4. Nf3 Nxe4 5. Qe2 Qe7 6. d3 Nf6 7. Bg5 Qxe2+ 8. Bxe2 Be7 9. Nc3 0-0 10. 0-0-0 a6 11. d4 Bf5 12. Nh4 Bc8 13. Bd3 h6 14. Bf4 Ng4 15. Bg3 f5 16. Ng6 Rf7 17. Bc4 Bf6 18. h3 c6 19. hxg4 d5 20. Bd3 fxg4 21. Ne5 Rf8 22. Na4 Nd7 23. Nxd7 Bxd7 24. Nb6 Rad8 25. Nxd7 Rxd7 26. c3 Bg5+ 27. Kb1 Bf4 28. Be2 Bxg3 29. fxg3 Re7 30. Bxg4 Rf2 31. Bf3 Kh7 32. Rhe1 Rf7 33. Rf1 Rxf1 34. Rxf1 g6 35. g4 Kg7 36. Kc2 Rf4 37. Re1 Rf7 38. Kd3 Kf6 39. b3 Kg5 40. Re6 a5 41. c4 dxc4+ 42. bxc4 Rd7 43. d5 cxd5 44. cxd5 b5 45. d6 h5 46. gxh5 gxh5 47. Bc6 Rd8 48. d7 1-0

[Event "Pardubice op rapid 30th"]
[Site "Pardubice"]
[Date "2019.07.18"]
[Round "6"]
[White "Hagemann, Sven"]
[Black "Varitski, Igor"]
[Result "1-0"]
[WhiteElo "2014"]
[BlackElo "2199"]
[PlyCount "115"]
[EventDate "2019.07.17"]
[EventType "swiss (rapid)"]
[EventRounds "9"]
[EventCountry "CZE"]
[SourceTitle "CBM 191 Extra"]
[Source "ChessBase"]
[SourceDate "2019.09.30"]
[SourceVersion "1"]
[SourceVersionDate "2019.09.30"]
[SourceQuality "1"]

1. e4 c6 2. d4 d5 3. Nc3 dxe4 4. Nxe4 Bf5 5. Ng3 Bg6 6. Nf3 Nd7 7. h4 h6 8. Bd3 Bxd3 9. Qxd3 e6 10. Bd2 Ngf6 11. Ne4 Nxe4 12. Qxe4 Nf6 13. Qe2 Be7 14. 0-0-0 Qd5 15. Kb1 Qe4 16. Be3 Ng4 17. Nd2 Qf5 18. f3 Nxe3 19. Qxe3 0-0-0 20. g4 Qb5 21. Nb3 Rd7 22. Qe4 Rhd8 23. h5 a5 24. Rd3 a4 25. Nc1 a3 26. b3 c5 27. dxc5 Qxc5 28. Rhd1 Rxd3 29. Rxd3 Rxd3 30. Qxd3 Bg5 31. Ne2 Qf2 32. Qc3+ Kd7 33. Qd4+ Qxd4 34. Nxd4 Kd6 35. c4 Ke5 36. Ne2 g6 37. Kc2 gxh5 38. gxh5 Be7 39. Kd3 Kf5 40. Kd4 Kg5 41. c5 Kxh5 42. b4 Kg5 43. b5 h5 44. c6 bxc6 45. bxc6 Bd8 46. Ke4 h4 47. Ng1 f5+ 48. Ke5 Bc7+ 49. Kxe6 Kf4 50. Kd7 Bb6 51. Ke6 Kg3 52. Kxf5 Kg2 53. Kg4 Kxg1 54. Kxh4 Kf2 55. f4 Ke3 56. f5 Ke4 57. f6 Bd8 58. Kh5 1-0

[Event "Pardubice op rapid 30th"]
[Site "Pardubice"]
[Date "2019.07.17"]
[Round "3"]
[White "Mandak, Miroslav"]
[Black "Hagemann, Sven"]
[Result "1-0"]
[WhiteElo "1993"]
[BlackElo "2014"]
[PlyCount "143"]
[EventDate "2019.07.17"]
[EventType "swiss (rapid)"]
[EventRounds "9"]
[EventCountry "CZE"]
[SourceTitle "CBM 191 Extra"]
[Source "ChessBase"]
[SourceDate "2019.09.30"]
[SourceVersion "1"]
[SourceVersionDate "2019.09.30"]
[SourceQuality "1"]

1. e4 Nf6 2. Nc3 c6 3. e5 Nd5 4. Nf3 d6 5. Nxd5 cxd5 6. exd6 Qxd6 7. d4 Nc6 8. c3 Bg4 9. Be2 e6 10. 0-0 Be7 11. h3 Bxf3 12. Bxf3 0-0 13. g3 Rac8 14. b3 b5 15. Bb2 b4 16. Qd2 bxc3 17. Bxc3 h6 18. Rfd1 Bg5 19. Qb2 Bf6 20. h4 Qd7 21. Qd2 Qb7 22. Bg2 Be7 23. Rab1 Bb4 24. Rbc1 Bxc3 25. Rxc3 Ne7 26. Rd3 Rc7 27. Qb2 Rfc8 28. R1d2 Rc1+ 29. Kh2 Qc7 30. Bf3 Nf5 31. Kh3 Re1 32. Bd1 Nd6 33. Rc2 Qa5 34. Rxc8+ Nxc8 35. b4 Qb5 36. Qd2 Rxd1 37. Qxd1 Qxb4 38. Rb3 Qc4 39. Rb8 g6 40. Qb3 Qc7 41. Qb7 Qxb7 42. Rxb7 Kg7 43. Rc7 Nb6 44. Rxa7 Kf6 45. a4 Nc4 46. a5 e5 47. dxe5+ Kxe5 48. a6 d4 49. Kg2 d3 50. Kf1 f5 51. Rb7 Nd6 52. a7 Nxb7 53. a8Q Nd6 54. Ke1 Ne4 55. Qa1+ Kd5 56. Qg7 Kc4 57. Qxg6 Kc3 58. Qc6+ Kb2 59. Qb6+ Kc2 60. Qc6+ Nc3 61. Qd7 Ne4 62. Qc6+ Nc3 63. Qd7 Ne4 64. Qc8+ Nc3 65. Qxf5 Nb1 66. g4 Nc3 67. g5 hxg5 68. hxg5 Nb5 69. g6 Na3 70. g7 Kc1 71. Qxd3 Nc2+ 72. Qxc2+ 1-0

[Event "Niedersachsen-ch op A"]
[Site "Verden"]
[Date "2019.01.05"]
[Round "6"]
[White "Hagemann, Sven"]
[Black "Issing, Peter"]
[Result "1/2-1/2"]
[WhiteElo "1954"]
[BlackElo "2143"]
[PlyCount "119"]
[EventDate "2019.01.03"]
[EventType "swiss"]
[EventRounds "7"]
[EventCountry "GER"]
[SourceTitle "EXT 2022"]
[Source "ChessBase"]
[SourceDate "2021.10.06"]
[SourceVersion "1"]
[SourceVersionDate "2021.10.06"]
[SourceQuality "1"]

1. e4 e5 2. Nf3 d6 3. Bc4 Nd7 4. d4 Nb6 5. Bb3 exd4 6. Qxd4 Be6 7. Bg5 Qd7 8. c4 Ne7 9. a4 Nc6 10. Qd3 f6 11. a5 Nc8 12. Be3 Ne5 13. Nxe5 dxe5 14. Qc2 Bb4+ 15. Nc3 Qf7 16. 0-0 Bxc3 17. Qxc3 0-0 18. Ba2 Nd6 19. c5 Bxa2 20. cxd6 cxd6 21. Rfd1 Bc4 22. Rxd6 Bb5 23. Qc5 a6 24. Rc1 Bc6 25. f3 Kh8 26. Rcd1 h6 27. Qb6 Qc4 28. Rd8 Kh7 29. Rxf8 Rxf8 30. Qc5 Qe2 31. Qc1 Rc8 32. Qd2 Qc4 33. b4 Qg8 34. Bb6 Qb3 35. Rc1 Re8 36. Bc5 Qe6 37. Rd1 Kg8 38. Qd6 Qf7 39. Re1 Kh7 40. Qd3 Qg6 41. h3 Qf7 42. Kh2 Qg8 43. Rd1 Qe6 44. Qc2 Rc8 45. Rd6 Qe8 46. Qc4 Qh5 47. Qd3 Qf7 48. Rd8 Rxd8 49. Qxd8 f5 50. Qe7 Qxe7 51. Bxe7 fxe4 52. fxe4 Kg6 53. h4 Bxe4 54. Kg3 Bc6 55. Bd6 Kf6 56. Kf2 h5 57. g3 Ke6 58. Bf8 g6 59. Ke3 Kd5 60. Be7 1/2-1/2

[Event "Oberliga Nord W 1617"]
[Site "Germany"]
[Date "2017.05.07"]
[Round "9.5"]
[White "Hagemann, Sven"]
[Black "Hoellmann, Ludger"]
[Result "1/2-1/2"]
[WhiteElo "2002"]
[BlackElo "2079"]
[PlyCount "131"]
[EventDate "2016.10.16"]
[EventType "team-tourn"]
[EventRounds "9"]
[EventCountry "GER"]
[SourceTitle "EXT 2018"]
[Source "ChessBase"]
[SourceDate "2017.10.13"]
[SourceVersion "1"]
[SourceVersionDate "2017.10.13"]
[SourceQuality "1"]
[WhiteTeam "Goettingen Tempo"]
[BlackTeam "Nordhorn Blanke"]
[WhiteTeamCountry "GER"]
[BlackTeamCountry "GER"]

1. e4 e5 2. Nf3 Nc6 3. d4 exd4 4. Bc4 Nf6 5. e5 d5 6. Bb5 Ne4 7. Nxd4 Bc5 8. Be3 0-0 9. Bxc6 bxc6 10. 0-0 Qe8 11. Nd2 Nxd2 12. Qxd2 Qxe5 13. Nxc6 Bxe3 14. fxe3 Qxb2 15. Ne7+ Kh8 16. Nxc8 Raxc8 17. Qxd5 Qc3 18. Qd4 Qxc2 19. Qxa7 Rcd8 20. Rac1 Qe2 21. Rf2 Rd1+ 22. Rxd1 Qxd1+ 23. Rf1 Qd2 24. h3 Kg8 25. a4 Re8 26. Rf3 Qd1+ 27. Kh2 Qd6+ 28. Kg1 f6 29. Rf4 Qc6 30. Qd4 Qc1+ 31. Kh2 Qxe3 32. Qxe3 Rxe3 33. Rc4 Ra3 34. h4 c5 35. h5 h6 36. g3 Kf7 37. Kh3 Ke7 38. Rxc5 Rxa4 39. Rc7+ Kf8 40. Rc8+ Kf7 41. Rc7+ Kg8 42. g4 Ra3+ 43. Kg2 Re3 44. Kf2 Rd3 45. Rc8+ Kh7 46. Rc7 Rd5 47. Kg3 Rg5 48. Kh4 Kg8 49. Ra7 Kf8 50. Rb7 Re5 51. Ra7 Re3 52. Rb7 Rf3 53. Rb8+ Kf7 54. Rb7+ Kg8 55. Rb8+ Kh7 56. Rb5 Rd3 57. Rb7 Rd1 58. Ra7 Rf1 59. Ra5 Rf4 60. Kg3 Rc4 61. Ra7 Rc5 62. Rb7 f5 63. gxf5 Rxf5 64. Kg4 Rf1 65. Rb8 Rg1+ 66. Kh4 1/2-1/2

[Event "Oberliga Nord W 1617"]
[Site "Germany"]
[Date "2017.01.15"]
[Round "4.6"]
[White "Schoetzig, Detlef"]
[Black "Hagemann, Sven"]
[Result "1/2-1/2"]
[WhiteElo "2114"]
[BlackElo "2002"]
[PlyCount "83"]
[EventDate "2016.10.16"]
[EventType "team-tourn"]
[EventRounds "9"]
[EventCountry "GER"]
[SourceTitle "EXT 2018"]
[Source "ChessBase"]
[SourceDate "2017.10.13"]
[SourceVersion "1"]
[SourceVersionDate "2017.10.13"]
[SourceQuality "1"]
[WhiteTeam "Werder Bremen"]
[BlackTeam "Goettingen Tempo"]
[WhiteTeamCountry "GER"]
[BlackTeamCountry "GER"]

1. Nf3 d5 2. d4 Nf6 3. c4 c6 4. e3 Bf5 5. Nc3 e6 6. Be2 Nbd7 7. 0-0 Ne4 8. Nd2 Nxc3 9. bxc3 Bd6 10. cxd5 exd5 11. c4 Nf6 12. Bb2 0-0 13. cxd5 cxd5 14. Bf3 Qd7 15. Qb3 Rfc8 16. Rfc1 Be6 17. Ba3 b6 18. Bxd6 Qxd6 19. Qb2 Bf5 20. Rxc8+ Rxc8 21. Rc1 Rc6 22. Bd1 Qc7 23. Rxc6 Qxc6 24. Nf3 Ne4 25. Bb3 Qc3 26. Qe2 Qc1+ 27. Qf1 Qxf1+ 28. Kxf1 Be6 29. Ke1 f6 30. Nd2 Nxd2 31. Kxd2 Kf7 32. Kc3 a5 33. f3 f5 34. Bc2 b5 35. a3 Ke7 36. Bd3 Bd7 37. h3 Kd6 38. h4 g6 39. Be2 Bc6 40. Bd1 Ke6 41. Bc2 Kd6 42. h5 1/2-1/2

[Event "Oberliga Nord W 1617"]
[Site "Germany"]
[Date "2016.11.20"]
[Round "2.7"]
[White "Hagemann, Sven"]
[Black "Thimm, Torsten"]
[Result "1-0"]
[WhiteElo "2002"]
[BlackElo "2085"]
[PlyCount "64"]
[EventDate "2016.10.16"]
[EventType "team-tourn"]
[EventRounds "9"]
[EventCountry "GER"]
[SourceTitle "EXT 2018"]
[Source "ChessBase"]
[SourceDate "2017.10.13"]
[SourceVersion "1"]
[SourceVersionDate "2017.10.13"]
[SourceQuality "1"]
[WhiteTeam "Goettingen Tempo"]
[BlackTeam "Delmenhorst"]
[WhiteTeamCountry "GER"]
[BlackTeamCountry "GER"]

1. e4 d5 2. exd5 Qxd5 3. Nc3 Qd6 4. d4 Nf6 5. Nf3 Bg4 6. h3 Bf5 7. g4 Bc8 8. Ne5 c6 9. f4 g6 10. Be3 Bg7 11. Qd2 h5 12. Bc4 Be6 13. Bxe6 Qxe6 14. Rg1 hxg4 15. hxg4 Kf8 16. 0-0-0 Nd5 17. f5 gxf5 18. gxf5 Qf6 19. Nxd5 cxd5 20. Qa5 Qb6 21. Qxd5 Bxe5 22. Qxe5 Qf6 23. Qc7 Nc6 24. d5 Qe5 25. Bf4 Qxc7 26. Bxc7 Nb4 27. d6 Na6 28. d7 Nxc7 29. d8Q+ Rxd8 30. Rxd8+ Ne8 31. f6 Rh6 32. Rb8 exf6 1-0

[Event "Lueneburg op-A"]
[Site "Lueneburg"]
[Date "2016.07.08"]
[Round "9"]
[White "Hagemann, Sven"]
[Black "Frost, Peter"]
[Result "1/2-1/2"]
[WhiteElo "2004"]
[BlackElo "1907"]
[PlyCount "151"]
[EventDate "2016.07.01"]
[EventType "swiss"]
[EventRounds "9"]
[EventCountry "GER"]
[SourceTitle "CBM 173 Extra"]
[Source "ChessBase"]
[SourceDate "2016.08.29"]
[SourceVersion "1"]
[SourceVersionDate "2016.08.29"]
[SourceQuality "1"]

1. e4 c6 2. d4 d5 3. e5 c5 4. dxc5 Nc6 5. Bb5 e6 6. Bxc6+ bxc6 7. Be3 Ne7 8. c3 Nf5 9. Bd4 Be7 10. Ne2 a5 11. Ng3 Nxd4 12. cxd4 Rb8 13. b3 Ba6 14. Nc3 0-0 15. Nh5 g6 16. Nf4 Bg5 17. Nfe2 f6 18. f4 Bh6 19. exf6 Qxf6 20. 0-0 g5 21. Rf3 gxf4 22. Qd2 Rbe8 23. Raf1 e5 24. dxe5 Qxe5 25. Re1 d4 26. Nd1 Bxe2 27. Nf2 Qxc5 28. Rxe2 Rxe2 29. Qxe2 Qc1+ 30. Nd1 Kf7 31. Rf1 Qc5 32. Qd3 Kg8 33. Nf2 Qd5 34. Ne4 f3 35. Rxf3 Be3+ 36. Kh1 Rxf3 37. gxf3 Qf5 38. Qf1 Qg6 39. Qg2 Qxg2+ 40. Kxg2 Kf7 41. Nd6+ Ke6 42. Nc4 Kd5 43. Nxe3+ dxe3 44. Kf1 Ke5 45. Ke2 Kf4 46. a3 c5 47. h4 h5 48. a4 Kg3 49. Kxe3 Kxh4 50. Kf4 Kh3 51. Ke5 Kg3 52. f4 h4 53. f5 h3 54. f6 h2 55. f7 h1Q 56. f8Q Qe1+ 57. Kd5 Qd1+ 58. Kxc5 Qxb3 59. Qg7+ Kf3 60. Qf6+ Kg4 61. Qd4+ Kf5 62. Qf2+ Ke6 63. Qe1+ Kd7 64. Qd2+ Kc8 65. Qxa5 Qe3+ 66. Kd6 Qh6+ 67. Kc5 Qg5+ 68. Kb6 Qxa5+ 69. Kxa5 Kb7 70. Kb5 Ka7 71. a5 Kb7 72. a6+ Ka7 73. Ka5 Ka8 74. Kb6 Kb8 75. a7+ Ka8 76. Ka6 1/2-1/2

[Event "Lueneburg op-A"]
[Site "Lueneburg"]
[Date "2016.07.06"]
[Round "7"]
[White "Hagemann, Sven"]
[Black "Bergmann, Marcus"]
[Result "1-0"]
[WhiteElo "2004"]
[BlackElo "1758"]
[PlyCount "65"]
[EventDate "2016.07.01"]
[EventType "swiss"]
[EventRounds "9"]
[EventCountry "GER"]
[SourceTitle "CBM 173 Extra"]
[Source "ChessBase"]
[SourceDate "2016.08.29"]
[SourceVersion "1"]
[SourceVersionDate "2016.08.29"]
[SourceQuality "1"]

1. e4 e6 2. d4 d5 3. Nd2 a6 4. Ngf3 Nf6 5. e5 Nfd7 6. Bd3 c5 7. c3 Nc6 8. 0-0 g5 9. h3 h5 10. g4 Be7 11. Re1 hxg4 12. hxg4 cxd4 13. cxd4 Nf8 14. Kg2 Bd7 15. b3 Qb6 16. Bb2 0-0-0 17. Rh1 Rxh1 18. Qxh1 f5 19. exf6 Bxf6 20. Qh6 Bxd4 21. Nxd4 Nxd4 22. Qxg5 Nc6 23. Nf3 Kb8 24. Ne5 Nxe5 25. Qxe5+ Ka8 26. Rc1 Bc6 27. Bd4 Qa5 28. Rc5 Qd2 29. Qc7 Qg5 30. f3 Bd7 31. Qb6 Qd2+ 32. Bf2 Rb8 33. Rc2 1-0

[Event "Lueneburg op-A"]
[Site "Lueneburg"]
[Date "2016.07.05"]
[Round "6"]
[White "Von Estorff, Jacob"]
[Black "Hagemann, Sven"]
[Result "1-0"]
[WhiteElo "1886"]
[BlackElo "2004"]
[PlyCount "75"]
[EventDate "2016.07.01"]
[EventType "swiss"]
[EventRounds "9"]
[EventCountry "GER"]
[SourceTitle "CBM 173 Extra"]
[Source "ChessBase"]
[SourceDate "2016.08.29"]
[SourceVersion "1"]
[SourceVersionDate "2016.08.29"]
[SourceQuality "1"]

1. e4 c5 2. Nf3 g6 3. d4 cxd4 4. Nxd4 Nc6 5. Be3 Nf6 6. Nc3 Bg7 7. Bc4 0-0 8. f3 Qb6 9. 0-0 Nxe4 10. Nd5 Qxb2 11. Rb1 Qxd4 12. Nxe7+ Kh8 13. Bxd4 Bxd4+ 14. Kh1 Nc3 15. Qd3 Nxb1 16. Nxc6 Bg7 17. Nd4 Na3 18. Qxa3 b6 19. Nb5 Bb7 20. Nd6 Bc6 21. Nxf7+ Kg8 22. Nd8+ Kh8 23. Nxc6 dxc6 24. Re1 Rfe8 25. Qb4 c5 26. Qd2 Rad8 27. Rxe8+ Rxe8 28. g3 Bf6 29. Kg2 Kg7 30. a4 Re7 31. a5 bxa5 32. Qxa5 Bd4 33. Qd8 Bf6 34. Qg8+ Kh6 35. Qf8+ Kg5 36. Bd3 Re6 37. h4+ Kh5 38. g4+ 1-0

[Event "Lueneburg op-A"]
[Site "Lueneburg"]
[Date "2016.07.02"]
[Round "2"]
[White "Voege, Tobias"]
[Black "Hagemann, Sven"]
[Result "1-0"]
[WhiteElo "2342"]
[BlackElo "2004"]
[PlyCount "109"]
[EventDate "2016.07.01"]
[EventType "swiss"]
[EventRounds "9"]
[EventCountry "GER"]
[SourceTitle "CBM 173 Extra"]
[Source "ChessBase"]
[SourceDate "2016.08.29"]
[SourceVersion "1"]
[SourceVersionDate "2016.08.29"]
[SourceQuality "1"]

1. d4 Nf6 2. c4 e6 3. Nc3 Bb4 4. Nf3 0-0 5. Bg5 d5 6. e3 Nbd7 7. cxd5 exd5 8. Bd3 Re8 9. 0-0 Be7 10. Qc2 c6 11. Rab1 h6 12. Bh4 Ne4 13. Bxe7 Qxe7 14. b4 Ndf6 15. Bxe4 Nxe4 16. Nxe4 Bf5 17. Nfd2 Bxe4 18. Nxe4 dxe4 19. Rfc1 Rac8 20. Qa4 a6 21. Rc5 Rcd8 22. Qa5 Qd7 23. g3 Re6 24. Qa4 Rf6 25. Rbc1 Qh3 26. Qc2 Re8 27. a4 h5 28. Re5 Rfe6 29. Qxe4 Rxe5 30. dxe5 Qe6 31. Rc5 Rd8 32. Kg2 Rd2 33. b5 Qa2 34. Qf4 Rc2 35. Rxc2 Qxc2 36. b6 a5 37. Qd4 Kh7 38. Kf3 Qf5+ 39. Qf4 Kg6 40. e4 Qe6 41. h4 Qb3+ 42. Kg2 Qxa4 43. Qf5+ Kh6 44. e6 fxe6 45. Qg5+ Kh7 46. Qxh5+ Kg8 47. Qe8+ Kh7 48. Qxe6 Qb4 49. Qf5+ Kh8 50. e5 a4 51. e6 a3 52. Qh5+ Kg8 53. Qf7+ Kh7 54. e7 Qe4+ 55. Kh2 1-0

[Event "Niedersachsen-ch"]
[Site "Verden"]
[Date "2015.01.04"]
[Round "6"]
[White "Schmidt Brauns, Joachim"]
[Black "Hagemann, Sven"]
[Result "1/2-1/2"]
[WhiteElo "2149"]
[BlackElo "1987"]
[PlyCount "131"]
[EventDate "2015.01.02"]
[EventType "swiss"]
[EventRounds "7"]
[EventCountry "GER"]
[SourceTitle "EXT 2018"]
[Source "ChessBase"]
[SourceDate "2017.10.13"]
[SourceVersion "1"]
[SourceVersionDate "2017.10.13"]
[SourceQuality "1"]

1. c4 c6 2. Nf3 d5 3. b3 e6 4. Bb2 Nf6 5. e3 Nbd7 6. Be2 Bd6 7. d4 0-0 8. 0-0 Qe7 9. Ne5 c5 10. Nd2 cxd4 11. exd4 Ba3 12. Qc1 Bxb2 13. Qxb2 b6 14. Bf3 Bb7 15. Rfe1 Rfd8 16. b4 Nxe5 17. dxe5 Ne8 18. cxd5 Bxd5 19. Ne4 Rac8 20. Rac1 Rxc1 21. Rxc1 h6 22. a3 Qb7 23. Qc2 Qb8 24. Qc3 Qb7 25. Nd2 Bxf3 26. Nxf3 Qd5 27. h3 Qd3 28. Kh2 Qxc3 29. Rxc3 Kf8 30. Kg3 Ke7 31. Kf4 Kd7 32. Rd3+ Ke7 33. Nd4 Rc8 34. b5 Kf8 35. Nc6 a6 36. Nd4 Nc7 37. bxa6 Nd5+ 38. Ke4 Ra8 39. f4 Rxa6 40. f5 Ra4 41. fxe6 fxe6 42. h4 Ne7 43. Kf3 Ng6 44. Kg3 Nxe5 45. Re3 Rxd4 46. Rxe5 Rd3+ 47. Kg4 Kf7 48. Rb5 Rxa3 49. Rxb6 Ra4+ 50. Kh3 h5 51. g3 Ra2 52. Rb4 Rf2 53. g4 hxg4+ 54. Kxg4 g6 55. h5 gxh5+ 56. Kxh5 Kf6 57. Kg4 Ke5 58. Kg3 Rf8 59. Rb1 Kd4 60. Rd1+ Kc3 61. Re1 Rf6 62. Kg4 Kd2 63. Re5 Kd3 64. Kg5 Rf5+ 65. Rxf5 exf5 66. Kxf5 1/2-1/2

[Event "Niedersachsen-ch"]
[Site "Verden"]
[Date "2015.01.03"]
[Round "4"]
[White "Gruender, Michael"]
[Black "Hagemann, Sven"]
[Result "1/2-1/2"]
[WhiteElo "2025"]
[BlackElo "1987"]
[PlyCount "85"]
[EventDate "2015.01.02"]
[EventType "swiss"]
[EventRounds "7"]
[EventCountry "GER"]
[SourceTitle "EXT 2018"]
[Source "ChessBase"]
[SourceDate "2017.10.13"]
[SourceVersion "1"]
[SourceVersionDate "2017.10.13"]
[SourceQuality "1"]

1. Nf3 d5 2. c4 c6 3. Qc2 Nf6 4. g3 Bg4 5. Ne5 Bh5 6. Bg2 Nbd7 7. Nxd7 Qxd7 8. d3 e6 9. a3 Be7 10. 0-0 0-0 11. e4 dxe4 12. dxe4 e5 13. f3 Rad8 14. Be3 b6 15. Nc3 Qd3 16. Qxd3 Rxd3 17. Rfe1 Rxe3 18. Rxe3 Bc5 19. Kf2 Rd8 20. Rae1 Rd2+ 21. R1e2 Rd3 22. Bf1 g5 23. Re1 Rd2+ 24. R1e2 Rd7 25. Kg2 g4 26. f4 Bxe3 27. Rxe3 Rd4 28. Rd3 Rxd3 29. Bxd3 Nd7 30. b4 f6 31. Be2 Nf8 32. Nd1 Bf7 33. Ne3 h5 34. Nf5 Be8 35. Ne7+ Kf7 36. Nc8 Ke6 37. c5 b5 38. Nd6 Bd7 39. h3 Ke7 40. hxg4 hxg4 41. f5 Nh7 42. Bxg4 Ng5 43. Bh5 1/2-1/2

[Event "Niedersachsen-ch"]
[Site "Verden"]
[Date "2015.01.02"]
[Round "2"]
[White "Hagemann, Sven"]
[Black "Hesse, Juergen"]
[Result "1-0"]
[WhiteElo "1987"]
[BlackElo "2025"]
[PlyCount "57"]
[EventDate "2015.01.02"]
[EventType "swiss"]
[EventRounds "7"]
[EventCountry "GER"]
[SourceTitle "EXT 2018"]
[Source "ChessBase"]
[SourceDate "2017.10.13"]
[SourceVersion "1"]
[SourceVersionDate "2017.10.13"]
[SourceQuality "1"]

1. e4 e5 2. Nf3 Nc6 3. Bc4 Nf6 4. Ng5 d5 5. exd5 Na5 6. Bb5+ c6 7. dxc6 bxc6 8. Qf3 h6 9. Ne4 Nd5 10. Ba4 Bd7 11. d3 Qc7 12. 0-0 Be7 13. Nbc3 Nb6 14. Be3 0-0 15. Qg3 Kh7 16. Bc5 Bc8 17. Bxe7 Qxe7 18. Bb3 f5 19. Nd2 Rf6 20. Rae1 f4 21. Qf3 Bf5 22. d4 Qd7 23. dxe5 Rg6 24. Nde4 Rf8 25. Qd3 Qe8 26. f3 Bh3 27. Re2 Qxe5 28. Nf2 Qf5 29. Nxh3 1-0

[Event "Niedersachsen-ch"]
[Site "Verden"]
[Date "2015.01.02"]
[Round "1"]
[White "Mueer, Sebastian"]
[Black "Hagemann, Sven"]
[Result "1-0"]
[WhiteElo "2245"]
[BlackElo "1987"]
[PlyCount "169"]
[EventDate "2015.01.02"]
[EventType "swiss"]
[EventRounds "7"]
[EventCountry "GER"]
[SourceTitle "EXT 2018"]
[Source "ChessBase"]
[SourceDate "2017.10.13"]
[SourceVersion "1"]
[SourceVersionDate "2017.10.13"]
[SourceQuality "1"]

1. b3 d5 2. Bb2 Nf6 3. e3 e6 4. Nf3 Nbd7 5. c4 c6 6. Nc3 Bd6 7. Qc2 Qe7 8. Be2 Ba3 9. 0-0 0-0 10. d4 Bxb2 11. Qxb2 b6 12. Rfe1 Bb7 13. Rad1 c5 14. cxd5 Nxd5 15. Nb5 a6 16. Na3 cxd4 17. Nxd4 b5 18. e4 Nf4 19. Bf1 Nc5 20. g3 Ng6 21. f3 Rfd8 22. Nac2 Ne5 23. Be2 Nc6 24. Nxc6 Bxc6 25. Qa3 Qf8 26. Rd4 e5 27. Rdd1 Ne6 28. Qxf8+ Kxf8 29. Kf2 Bb7 30. Rxd8+ Rxd8 31. Rd1 Rxd1 32. Bxd1 Ke7 33. Ke3 Kd6 34. f4 f6 35. Bg4 Nc5 36. Bf3 g6 37. Ne1 Ne6 38. Nd3 Nc5 39. Nf2 Bc8 40. h4 Nb7 41. h5 Nd8 42. Bd1 Nc6 43. Nd3 a5 44. a4 bxa4 45. bxa4 Be6 46. g4 Nd4 47. fxe5+ fxe5 48. Nf4 g5 49. Nd3 Bc4 50. h6 Ba6 51. Nc1 Kc5 52. Kd2 Bc4 53. Kc3 Be6 54. Nd3+ Kd6 55. Nf2 Ke7 56. Nd3 Kd6 57. Nb2 Kc5 58. Kd2 Bc4 59. Kc3 Bf1 60. Kd2 Kb4 61. Ke1 Ba6 62. Kd2 Bc4 63. Nd3+ Bxd3 64. Kxd3 Nb3 65. Bc2 Nc5+ 66. Kd2 Nxa4 67. Bd3 Nc5 68. Bb1 a4 69. Ba2 Nb3+ 70. Kc2 Kc4 71. Kb2 Kd4 72. Ka3 Kxe4 73. Kxa4 Nc5+ 74. Kb4 Nd7 75. Bb1+ Kf4 76. Bxh7 Kxg4 77. Bf5+ Kxf5 78. h7 g4 79. h8Q Nf6 80. Kc4 Ne4 81. Kd3 Ng5 82. Ke3 g3 83. Qh4 g2 84. Qf2+ Kg4 85. Qxg2+ 1-0

[Event "Karl Mala Memorial op 14th"]
[Site "Frankfurt"]
[Date "2011.07.09"]
[Round "4"]
[White "Paulsen, Alexej"]
[Black "Hagemann, Sven"]
[Result "0-1"]
[WhiteElo "1559"]
[BlackElo "2004"]
[PlyCount "64"]
[EventDate "2011.07.07"]
[EventType "swiss"]
[EventRounds "7"]
[EventCountry "GER"]
[SourceTitle "EXT 2012"]
[Source "ChessBase"]
[SourceDate "2011.11.24"]
[SourceVersion "1"]
[SourceVersionDate "2011.11.24"]
[SourceQuality "1"]

1. e4 c5 2. Nf3 e6 3. d4 cxd4 4. Nxd4 a6 5. Nc3 Qc7 6. Be2 Nf6 7. a3 Nc6 8. Be3 Be7 9. 0-0 0-0 10. Qd2 b5 11. f4 Bb7 12. Bf3 d6 13. g4 Nxd4 14. Bxd4 e5 15. Be3 exf4 16. Bxf4 Nd7 17. Rad1 Ne5 18. Bxe5 dxe5 19. Nd5 Bc5+ 20. Kh1 Qd8 21. g5 Rc8 22. Bg4 Rb8 23. Bf5 Bxd5 24. exd5 Bd4 25. Qg2 Bxb2 26. Qh3 g6 27. Be4 Qxg5 28. Rf5 Qe7 29. Rh5 gxh5 30. Bxh7+ Kg7 31. Rg1+ Kh6 32. Qf5 Rb6 0-1

[Event "Karl Mala Memorial op 14th"]
[Site "Frankfurt"]
[Date "2011.07.08"]
[Round "3"]
[White "Hagemann, Sven"]
[Black "Schomann, Michael"]
[Result "1-0"]
[WhiteElo "2004"]
[BlackElo "1748"]
[PlyCount "101"]
[EventDate "2011.07.07"]
[EventType "swiss"]
[EventRounds "7"]
[EventCountry "GER"]
[SourceTitle "EXT 2012"]
[Source "ChessBase"]
[SourceDate "2011.11.24"]
[SourceVersion "1"]
[SourceVersionDate "2011.11.24"]
[SourceQuality "1"]

1. e4 c5 2. Nf3 d6 3. d4 cxd4 4. Nxd4 e5 5. Nb3 Nf6 6. Nc3 Be6 7. Bg5 a6 8. Qd2 Be7 9. 0-0-0 Nbd7 10. f3 b5 11. Bxf6 Nxf6 12. Kb1 Rc8 13. g4 h6 14. Nd5 Nxd5 15. exd5 Bd7 16. Bd3 Bg5 17. Qe2 0-0 18. Nd2 f5 19. gxf5 Bxf5 20. Ne4 Bf4 21. h4 Qc7 22. Rhg1 Kh8 23. Qg2 Rcd8 24. Qe2 Rc8 25. Rg2 Rf7 26. Rdg1 Rg8 27. Qe1 g6 28. Qb4 Bxe4 29. Qxe4 g5 30. hxg5 Bxg5 31. Rh1 Rh7 32. Qxh7+ Qxh7 33. Bxh7 Kxh7 34. c3 Kg6 35. Kc2 Rf8 36. Rh3 a5 37. Kd3 Kf5 38. Rg4 Rc8 39. b3 Rc5 40. c4 b4 41. Rh2 Rc8 42. Rh1 Ra8 43. c5 dxc5 44. Kc4 Be3 45. Re4 Bd4 46. Rxh6 a4 47. d6 axb3 48. axb3 Rd8 49. Kd5 Kg5 50. Reh4 c4 51. Kxc4 1-0